[Event "European Clubs Cup"]
[Site "chess24.com"]
[Date "2018.10.14"]
[Round "3"]
[White "Gorodetzky, Matan"]
[Black "Kosmo, Santul"]
[Result "0-1"]
[Board "6"]
[WhiteElo "2221"]
[WhiteCountry "ISR"]
[WhiteFideId "2813394"]
[WhiteEloChange "-11"]
[BlackElo "2186"]
[BlackCountry "FIN"]
[BlackFideId "504173"]
[BlackEloChange "11"]

1. e4 {[%clk 1:30:50]} c5 {[%clk 1:30:55]} 2. Nf3 {[%clk 1:31:05]} d6 {[%clk
1:31:18]} 3. Bb5+ {[%clk 1:31:30]} Nd7 {[%clk 1:30:39]} 4. Ba4 {[%clk 1:31:53]}
Nf6 {[%clk 1:29:02]} 5. O-O {[%clk 1:32:07]} Nxe4 {[%clk 1:25:58]} 6. Re1 {[%clk
1:29:43]} Nf6 {[%clk 1:23:40]} 7. d4 {[%clk 1:29:58]} cxd4 {[%clk 1:23:12]} 8.
Nxd4 {[%clk 1:30:16]} e6 {[%clk 1:14:56]} 9. Nb5 {[%clk 1:27:58]} Qb6 {[%clk
1:06:41]} 10. Be3 {[%clk 1:17:36]} Qc6 {[%clk 1:06:28]} 11. Bf4 {[%clk 1:05:39]}
e5 {[%clk 0:58:44]} 12. N1c3 {[%clk 0:58:48]} a6 {[%clk 0:53:22]} 13. Nd4 {[%clk
0:22:55]} Qc7 {[%clk 0:53:25]} 14. Qf3 {[%clk 0:22:33]} Rb8 {[%clk 0:50:06]} 15.
Nf5 {[%clk 0:11:51]} b5 {[%clk 0:49:36]} 16. Bb3 {[%clk 0:12:20]} Nc5 {[%clk
0:40:07]} 17. Bg5 {[%clk 0:11:19]} Nxb3 {[%clk 0:25:36]} 18. Bxf6 {[%clk
0:02:26]} Nxa1 {[%clk 0:20:55]} 19. Nd5 {[%clk 0:02:42]} Qb7 {[%clk 0:16:14]} 20.
Nxg7+ {[%clk 0:01:48]} Bxg7 {[%clk 0:12:52]} 21. Bxg7 {[%clk 0:02:17]} Be6 {[%clk
0:11:25]} 22. Nf6+ {[%clk 0:02:07]} Ke7 {[%clk 0:10:53]} 23. Qg3 {[%clk 0:00:44]}
Nxc2 {[%clk 0:09:53]} 24. Rc1 {[%clk 0:01:04]} Rhc8 {[%clk 0:06:14]} 25. Qg5
{[%clk 0:01:08]} Rc4 {[%clk 0:03:10]} 26. Nd5+ {[%clk 0:00:38]} Kd7 {[%clk
0:03:04]} 27. Nf6+ {[%clk 0:00:37]} Kc7 {[%clk 0:02:43]} 28. b3 {[%clk 0:01:01]}
Rc5 {[%clk 0:02:27]} 29. Qd2 {[%clk 0:00:33]} Nd4 {[%clk 0:02:09]} 30. Re1 {[%clk
0:00:59]} Rc8 {[%clk 0:01:38]} 31. Bh6 {[%clk 0:01:05]} Kb8 {[%clk 0:01:46]} 32.
Ne4 {[%clk 0:01:21]} Rc2 {[%clk 0:01:29]} 33. Qb4 {[%clk 0:01:47]} R2c6 {[%clk
0:01:12]} 34. Nxd6 {[%clk 0:01:41]} Qe7 {[%clk 0:01:24]} 35. Bg7 {[%clk 0:01:16]}
f6 {[%clk 0:01:19]} 0-1

[Event "European Clubs Cup"]
[Site "chess24.com"]
[Date "2018.10.14"]
[Round "3"]
[White "Saraci, Nderim"]
[Black "Ruchko, Denis"]
[Result "1-0"]
[Board "1"]
[WhiteElo "2402"]
[WhiteTitle "IM"]
[WhiteCountry "KOS"]
[WhiteFideId "6351921"]
[WhiteEloChange "1"]
[BlackElo "1908"]
[BlackCountry "IRL"]
[BlackFideId "2509318"]
[BlackEloChange "-2"]

1. Nf3 {[%clk 1:30:57]} d5 {[%clk 1:30:55]} 2. c4 {[%clk 1:31:20]} e6 {[%clk
1:31:21]} 3. g3 {[%clk 1:31:00]} Nf6 {[%clk 1:31:45]} 4. Bg2 {[%clk 1:30:00]} Be7
{[%clk 1:32:08]} 5. O-O {[%clk 1:30:16]} O-O {[%clk 1:32:34]} 6. b3 {[%clk
1:25:35]} b6 {[%clk 1:24:17]} 7. Bb2 {[%clk 1:17:23]} Bb7 {[%clk 1:24:08]} 8.
cxd5 {[%clk 1:05:23]} Nxd5 {[%clk 1:17:19]} 9. d4 {[%clk 1:01:29]} Nd7 {[%clk
1:11:20]} 10. e4 {[%clk 0:48:49]} N5f6 {[%clk 1:08:43]} 11. Nfd2 {[%clk 0:48:34]}
c5 {[%clk 1:02:18]} 12. d5 {[%clk 0:39:22]} exd5 {[%clk 0:52:45]} 13. e5 {[%clk
0:38:44]} Ne4 {[%clk 0:51:37]} 14. Nxe4 {[%clk 0:38:44]} dxe4 {[%clk 0:52:02]}
15. Qe2 {[%clk 0:27:42]} c4 {[%clk 0:32:19]} 16. bxc4 {[%clk 0:16:25]} f5 {[%clk
0:25:34]} 17. exf6 {[%clk 0:15:20]} Bxf6 {[%clk 0:24:19]} 18. Nc3 {[%clk
0:14:41]} Nc5 {[%clk 0:14:37]} 19. Rad1 {[%clk 0:11:55]} Qe7 {[%clk 0:14:01]} 20.
Nd5 {[%clk 0:06:48]} Bxd5 {[%clk 0:14:16]} 21. cxd5 {[%clk 0:06:30]} Bxb2 {[%clk
0:10:49]} 22. Qxb2 {[%clk 0:06:48]} e3 {[%clk 0:10:22]} 23. d6 {[%clk 0:06:24]}
Qe8 {[%clk 0:10:00]} 24. Bxa8 {[%clk 0:01:09]} e2 {[%clk 0:10:23]} 25. Bd5+
{[%clk 0:01:33]} Kh8 {[%clk 0:10:47]} 26. Rfe1 {[%clk 0:01:43]} exd1Q {[%clk
0:11:08]} 27. Rxd1 {[%clk 0:02:04]} Rf6 {[%clk 0:02:26]} 28. Bg2 {[%clk 0:01:46]}
Qd7 {[%clk 0:01:21]} 29. Qe5 {[%clk 0:01:45]} h6 {[%clk 0:00:38]} 30. h4 {[%clk
0:01:34]} Rf5 {[%clk 0:00:38]} 31. Qd4 {[%clk 0:01:31]} Rf6 {[%clk 0:00:31]} 32.
Kh2 {[%clk 0:01:27]} Ne6 {[%clk 0:00:44]} 33. Qe3 {[%clk 0:00:55]} Nd8 {[%clk
0:00:45]} 34. Bh3 {[%clk 0:00:46]} Qa4 {[%clk 0:00:35]} 35. Rd2 {[%clk 0:00:48]}
Qb4 {[%clk 0:00:38]} 36. d7 {[%clk 0:00:43]} Qf8 {[%clk 0:00:44]} 37. Rc2 {[%clk
0:00:34]} Kh7 {[%clk 0:00:32]} 38. f4 {[%clk 0:00:47]} Qb4 {[%clk 0:00:31]} 39.
Re2 {[%clk 0:00:37]} Qd6 {[%clk 0:00:35]} 40. h5 {[%clk 0:30:37]} Nc6 {[%clk
0:30:41]} 41. Qe4+ {[%clk 0:27:57]} Kh8 {[%clk 0:29:57]} 42. Qxc6 {[%clk
0:28:08]} 1-0

[Event "European Clubs Cup"]
[Site "chess24.com"]
[Date "2018.10.14"]
[Round "3"]
[White "Zymberi, Astrit"]
[Black "Peoples, Jonathon"]
[Result "1-0"]
[Board "3"]
[WhiteElo "2115"]
[WhiteCountry "KOS"]
[WhiteFideId "4700295"]
[WhiteEloChange "4"]
[BlackElo "1856"]
[BlackCountry "IRL"]
[BlackFideId "2509520"]
[BlackEloChange "-4"]

1. d4 {[%clk 1:30:57]} Nf6 {[%clk 1:30:56]} 2. c4 {[%clk 1:31:22]} e6 {[%clk
1:31:22]} 3. Nc3 {[%clk 1:31:39]} Bb4 {[%clk 1:31:48]} 4. e3 {[%clk 1:32:05]} O-O
{[%clk 1:32:13]} 5. Ne2 {[%clk 1:32:34]} d5 {[%clk 1:32:11]} 6. a3 {[%clk
1:32:07]} Be7 {[%clk 1:32:08]} 7. cxd5 {[%clk 1:32:31]} exd5 {[%clk 1:32:34]} 8.
Nf4 {[%clk 1:32:56]} c6 {[%clk 1:32:17]} 9. Bd3 {[%clk 1:32:16]} Re8 {[%clk
1:30:17]} 10. O-O {[%clk 1:31:34]} Nbd7 {[%clk 1:29:15]} 11. f3 {[%clk 1:31:16]}
Nf8 {[%clk 1:28:22]} 12. b4 {[%clk 1:07:16]} Ne6 {[%clk 1:23:31]} 13. Nfe2 {[%clk
1:01:34]} a5 {[%clk 1:15:08]} 14. Rb1 {[%clk 0:58:54]} Bd6 {[%clk 1:08:29]} 15.
Kh1 {[%clk 0:39:43]} Qc7 {[%clk 1:04:40]} 16. e4 {[%clk 0:26:06]} dxe4 {[%clk
1:03:10]} 17. fxe4 {[%clk 0:23:47]} Bxh2 {[%clk 1:02:48]} 18. e5 {[%clk 0:23:54]}
Bxe5 {[%clk 1:00:33]} 19. dxe5 {[%clk 0:24:13]} Qxe5 {[%clk 1:00:58]} 20. Rf5
{[%clk 0:21:57]} Qc7 {[%clk 1:01:22]} 21. Rxf6 {[%clk 0:18:44]} gxf6 {[%clk
1:01:29]} 22. Ne4 {[%clk 0:19:06]} Kg7 {[%clk 0:52:06]} 23. Qd2 {[%clk 0:16:26]}
Ng5 {[%clk 0:49:32]} 24. Nxf6 {[%clk 0:09:54]} Re5 {[%clk 0:48:48]} 25. Ne8+
{[%clk 0:07:02]} Rxe8 {[%clk 0:49:12]} 26. Qxg5+ {[%clk 0:07:27]} Kf8 {[%clk
0:49:27]} 27. Bb2 {[%clk 0:07:00]} 1-0

[Event "European Clubs Cup"]
[Site "chess24.com"]
[Date "2018.10.14"]
[Round "3"]
[White "Berend, Fred"]
[Black "Laursen, Niels Norskov"]
[Result "1-0"]
[Board "1"]
[WhiteElo "2350"]
[WhiteTitle "IM"]
[WhiteCountry "LUX"]
[WhiteFideId "4000102"]
[WhiteEloChange "9"]
[BlackElo "2304"]
[BlackTitle "FM"]
[BlackCountry "DEN"]
[BlackFideId "1404709"]
[BlackEloChange "-9"]

1. d4 {[%clk 1:30:57]} d6 {[%clk 1:30:52]} 2. Nf3 {[%clk 1:30:51]} Nf6 {[%clk
1:31:10]} 3. c4 {[%clk 1:31:15]} g6 {[%clk 1:31:31]} 4. Nc3 {[%clk 1:31:37]} Bg7
{[%clk 1:31:52]} 5. e4 {[%clk 1:31:58]} O-O {[%clk 1:32:12]} 6. Be2 {[%clk
1:32:25]} e5 {[%clk 1:32:32]} 7. O-O {[%clk 1:32:49]} Na6 {[%clk 1:32:54]} 8. Re1
{[%clk 1:31:08]} c6 {[%clk 1:32:56]} 9. Bf1 {[%clk 1:29:54]} exd4 {[%clk
1:32:52]} 10. Nxd4 {[%clk 1:29:38]} Ng4 {[%clk 1:32:41]} 11. h3 {[%clk 1:28:48]}
Qb6 {[%clk 1:32:24]} 12. hxg4 {[%clk 1:29:11]} Qxd4 {[%clk 1:32:38]} 13. Qf3
{[%clk 1:29:30]} Qe5 {[%clk 1:30:18]} 14. g5 {[%clk 1:27:19]} Qe7 {[%clk
1:23:56]} 15. Qg3 {[%clk 1:23:20]} Nc5 {[%clk 1:12:05]} 16. Bf4 {[%clk 1:22:42]}
Be5 {[%clk 1:10:39]} 17. b4 {[%clk 1:02:38]} Nd7 {[%clk 1:01:26]} 18. Rad1 {[%clk
0:56:45]} f6 {[%clk 0:57:48]} 19. Bxe5 {[%clk 0:54:10]} dxe5 {[%clk 0:56:06]} 20.
gxf6 {[%clk 0:53:45]} Nxf6 {[%clk 0:45:57]} 21. Be2 {[%clk 0:53:40]} a5 {[%clk
0:42:10]} 22. b5 {[%clk 0:49:45]} Nd7 {[%clk 0:31:19]} 23. Na4 {[%clk 0:45:34]}
Qb4 {[%clk 0:21:54]} 24. Qb3 {[%clk 0:44:28]} Nf6 {[%clk 0:17:34]} 25. Qc2 {[%clk
0:13:31]} cxb5 {[%clk 0:19:20]} 26. Nb6 {[%clk 0:13:40]} Ra6 {[%clk 0:14:22]} 27.
Rb1 {[%clk 0:11:31]} Qc5 {[%clk 0:13:26]} 28. Rxb5 {[%clk 0:11:14]} Qd4 {[%clk
0:12:33]} 29. Rd1 {[%clk 0:05:33]} Qxe4 {[%clk 0:12:40]} 30. Qxe4 {[%clk
0:03:20]} Nxe4 {[%clk 0:13:03]} 31. Nxc8 {[%clk 0:03:09]} Rxc8 {[%clk 0:12:42]}
32. Bg4 {[%clk 0:03:29]} Rc7 {[%clk 0:11:20]} 33. Bf3 {[%clk 0:02:11]} Nc5 {[%clk
0:11:11]} 34. Rd5 {[%clk 0:01:43]} e4 {[%clk 0:10:51]} 35. Be2 {[%clk 0:01:18]}
Na4 {[%clk 0:07:42]} 36. Rxa5 {[%clk 0:01:06]} Nc3 {[%clk 0:07:27]} 37. Rxa6
{[%clk 0:00:50]} Nxe2+ {[%clk 0:07:00]} 38. Kf1 {[%clk 0:01:18]} bxa6 {[%clk
0:06:18]} 39. Kxe2 {[%clk 0:01:46]} Rxc4 {[%clk 0:06:07]} 40. Ra5 {[%clk
0:32:14]} Rc6 {[%clk 0:35:17]} 41. Ke3 {[%clk 0:32:35]} Kf7 {[%clk 0:30:03]} 42.
Kxe4 {[%clk 0:31:39]} Ke6 {[%clk 0:28:46]} 43. g4 {[%clk 0:28:57]} Rc4+ {[%clk
0:27:43]} 44. Kf3 {[%clk 0:29:18]} Rc6 {[%clk 0:26:24]} 45. Kf4 {[%clk 0:29:13]}
Kf6 {[%clk 0:25:50]} 46. f3 {[%clk 0:29:06]} h6 {[%clk 0:18:23]} 47. Ke4 {[%clk
0:29:27]} Ke6 {[%clk 0:14:35]} 48. Kd4 {[%clk 0:28:31]} Rd6+ {[%clk 0:14:01]} 49.
Ke3 {[%clk 0:28:51]} Kf6 {[%clk 0:08:14]} 50. f4 {[%clk 0:24:26]} Ke6 {[%clk
0:07:12]} 51. Ke4 {[%clk 0:24:21]} Rb6 {[%clk 0:06:29]} 52. Ra4 {[%clk 0:23:38]}
Rd6 {[%clk 0:06:17]} 53. Ra3 {[%clk 0:22:04]} Kf6 {[%clk 0:02:55]} 54. Rh3 {[%clk
0:21:52]} Kg7 {[%clk 0:03:09]} 55. Rc3 {[%clk 0:19:45]} Kf6 {[%clk 0:02:53]} 56.
a3 {[%clk 0:15:31]} Rb6 {[%clk 0:02:16]} 57. Rc5 {[%clk 0:14:37]} Ke6 {[%clk
0:02:01]} 58. Rc7 {[%clk 0:13:12]} Kf6 {[%clk 0:00:56]} 59. Rd7 {[%clk 0:12:29]}
Rc6 {[%clk 0:00:47]} 60. Kd5 {[%clk 0:11:08]} Rb6 {[%clk 0:01:06]} 61. Rd8 {[%clk
0:07:43]} Rb5+ {[%clk 0:00:51]} 62. Ke4 {[%clk 0:07:29]} Ra5 {[%clk 0:01:17]} 63.
Rd6+ {[%clk 0:07:38]} Kf7 {[%clk 0:01:25]} 64. Rd7+ {[%clk 0:07:23]} Kf6 {[%clk
0:01:37]} 65. Rd6+ {[%clk 0:06:53]} Kf7 {[%clk 0:01:59]} 66. Rd3 {[%clk 0:05:00]}
Ke6 {[%clk 0:01:57]} 67. Rc3 {[%clk 0:05:06]} Ra4+ {[%clk 0:02:13]} 68. Kf3
{[%clk 0:05:25]} Kf6 {[%clk 0:02:02]} 69. Kg3 {[%clk 0:05:43]} Ke6 {[%clk
0:02:07]} 70. Rb3 {[%clk 0:04:43]} Kf6 {[%clk 0:02:20]} 71. Re3 {[%clk 0:04:40]}
Kf7 {[%clk 0:02:24]} 72. Rf3 {[%clk 0:04:51]} Kf6 {[%clk 0:02:22]} 73. Kh4 {[%clk
0:03:43]} Ke6 {[%clk 0:01:39]} 74. f5+ {[%clk 0:02:25]} Kf6 {[%clk 0:01:36]} 75.
fxg6+ {[%clk 0:02:45]} Kxg6 {[%clk 0:01:55]} 76. Rc3 {[%clk 0:03:07]} Ra5 {[%clk
0:01:45]} 77. Rd3 {[%clk 0:03:10]} Kf6 {[%clk 0:01:47]} 78. Rb3 {[%clk 0:02:39]}
Kg6 {[%clk 0:02:02]} 79. Rc3 {[%clk 0:02:27]} Kf6 {[%clk 0:02:18]} 80. Rd3 {[%clk
0:01:46]} Kg6 {[%clk 0:02:39]} 81. Rf3 {[%clk 0:02:14]} Ra4 {[%clk 0:02:18]} 82.
Rc3 {[%clk 0:02:12]} Ra5 {[%clk 0:02:43]} 83. Rb3 {[%clk 0:02:00]} Kf6 {[%clk
0:02:59]} 84. a4 {[%clk 0:01:22]} Rxa4 {[%clk 0:02:38]} 85. Kh5 {[%clk 0:01:42]}
Ra1 {[%clk 0:02:05]} 86. Rb6+ {[%clk 0:02:00]} Kg7 {[%clk 0:01:40]} 87. Rb7+
{[%clk 0:02:23]} Kf6 {[%clk 0:01:59]} 88. Rb6+ {[%clk 0:02:52]} Kg7 {[%clk
0:02:23]} 89. Rg6+ {[%clk 0:03:11]} Kf7 {[%clk 0:02:28]} 90. Kxh6 {[%clk
0:03:03]} a5 {[%clk 0:01:30]} 91. Rg7+ {[%clk 0:02:57]} Kf6 {[%clk 0:01:18]} 92.
g5+ {[%clk 0:03:09]} Kf5 {[%clk 0:01:32]} 93. Rf7+ {[%clk 0:03:17]} Ke6 {[%clk
0:01:46]} 94. g6 {[%clk 0:03:08]} a4 {[%clk 0:01:42]} 95. Rf2 {[%clk 0:02:06]} a3
{[%clk 0:01:36]} 96. g7 {[%clk 0:01:59]} Rg1 {[%clk 0:00:51]} 97. Kh7 {[%clk
0:02:19]} Rh1+ {[%clk 0:01:01]} 98. Kg8 {[%clk 0:02:21]} Ke7 {[%clk 0:01:09]} 99.
Re2+ {[%clk 0:02:12]} Kd6 {[%clk 0:01:03]} 100. Ra2 {[%clk 0:01:48]} Rh3 {[%clk
0:01:14]} 101. Rc2 {[%clk 0:01:52]} Kd5 {[%clk 0:00:44]} 102. Rg2 {[%clk
0:01:07]} Rb3 {[%clk 0:00:36]} 103. Kh7 {[%clk 0:01:06]} Rb7 {[%clk 0:00:35]}
104. Ra2 {[%clk 0:01:11]} Ke6 {[%clk 0:00:31]} 105. Kh8 {[%clk 0:00:58]} 1-0

[Event "European Clubs Cup"]
[Site "chess24.com"]
[Date "2018.10.14"]
[Round "3"]
[White "Pelantakis, Mihail"]
[Black "Longson, Sarah N"]
[Result "1-0"]
[Board "4"]
[WhiteElo "1782"]
[WhiteCountry "GRE"]
[WhiteFideId "4294718"]
[WhiteEloChange "18"]
[BlackElo "2149"]
[BlackTitle "WFM"]
[BlackCountry "ENG"]
[BlackFideId "2501465"]
[BlackEloChange "-18"]

1. d4 {[%clk 1:30:56]} Nf6 {[%clk 1:30:50]} 2. c4 {[%clk 1:31:22]} g6 {[%clk
1:31:17]} 3. Nc3 {[%clk 1:31:50]} d5 {[%clk 1:31:43]} 4. cxd5 {[%clk 1:32:14]}
Nxd5 {[%clk 1:32:10]} 5. e4 {[%clk 1:32:39]} Nxc3 {[%clk 1:32:36]} 6. bxc3 {[%clk
1:33:06]} Bg7 {[%clk 1:33:01]} 7. Qa4+ {[%clk 1:33:30]} Bd7 {[%clk 1:28:59]} 8.
Qa3 {[%clk 1:32:14]} O-O {[%clk 1:27:07]} 9. Be3 {[%clk 1:24:55]} e5 {[%clk
1:22:53]} 10. d5 {[%clk 1:23:12]} f5 {[%clk 1:18:48]} 11. h4 {[%clk 0:58:38]}
fxe4 {[%clk 1:09:18]} 12. h5 {[%clk 0:57:50]} gxh5 {[%clk 1:04:59]} 13. Qb3
{[%clk 0:48:06]} b6 {[%clk 0:45:29]} 14. Rxh5 {[%clk 0:46:15]} Be8 {[%clk
0:44:15]} 15. Rh1 {[%clk 0:42:26]} Bf7 {[%clk 0:38:29]} 16. Rd1 {[%clk 0:41:23]}
Nd7 {[%clk 0:33:51]} 17. Bc4 {[%clk 0:32:11]} Nf6 {[%clk 0:30:21]} 18. Qc2 {[%clk
0:24:35]} Qd6 {[%clk 0:27:58]} 19. Ne2 {[%clk 0:24:25]} Bg6 {[%clk 0:26:13]} 20.
Ng3 {[%clk 0:24:02]} Rad8 {[%clk 0:18:22]} 21. Bb3 {[%clk 0:08:09]} a5 {[%clk
0:17:33]} 22. c4 {[%clk 0:08:03]} Qb4+ {[%clk 0:13:45]} 23. Bd2 {[%clk 0:08:28]}
Qa3 {[%clk 0:12:38]} 24. Bc1 {[%clk 0:05:10]} Qd6 {[%clk 0:10:59]} 25. Be3 {[%clk
0:04:11]} Ra8 {[%clk 0:04:40]} 26. c5 {[%clk 0:04:18]} bxc5 {[%clk 0:01:58]} 27.
Bxc5 {[%clk 0:04:42]} Qd7 {[%clk 0:01:47]} 28. Bxf8 {[%clk 0:05:03]} e3 {[%clk
0:01:01]} 29. Qc6 {[%clk 0:03:52]} exf2+ {[%clk 0:01:07]} 30. Kf1 {[%clk
0:02:00]} Rxf8 {[%clk 0:01:25]} 31. Qxd7 {[%clk 0:01:55]} Nxd7 {[%clk 0:01:52]}
32. d6+ {[%clk 0:02:20]} Kh8 {[%clk 0:01:30]} 33. dxc7 {[%clk 0:02:40]} Nb6
{[%clk 0:00:40]} 34. Rd8 {[%clk 0:02:53]} e4 {[%clk 0:00:51]} 35. Be6 {[%clk
0:02:14]} e3 {[%clk 0:00:56]} 36. Rxf8+ {[%clk 0:02:12]} Bxf8 {[%clk 0:01:23]}
37. c8Q {[%clk 0:02:32]} Nxc8 {[%clk 0:01:38]} 38. Bxc8 {[%clk 0:02:57]} Bd3+
{[%clk 0:01:45]} 39. Ne2 {[%clk 0:03:24]} Bb4 {[%clk 0:01:09]} 40. Rh5 {[%clk
0:31:39]} Bc4 {[%clk 0:30:54]} 41. Bf5 {[%clk 0:29:59]} Bxa2 {[%clk 0:30:21]} 42.
Rxh7+ {[%clk 0:30:26]} Kg8 {[%clk 0:30:44]} 43. Bd3 {[%clk 0:28:21]} Bf7 {[%clk
0:23:19]} 44. Rh4 {[%clk 0:27:57]} Kg7 {[%clk 0:22:49]} 45. Bc4 {[%clk 0:24:43]}
Bg6 {[%clk 0:22:41]} 46. Nf4 {[%clk 0:23:02]} Bb1 {[%clk 0:19:46]} 47. Rh3 {[%clk
0:14:06]} Bd2 {[%clk 0:14:58]} 48. Nd5 {[%clk 0:07:03]} a4 {[%clk 0:15:08]} 49.
Nxe3 {[%clk 0:07:16]} a3 {[%clk 0:15:27]} 50. Nd5 {[%clk 0:06:57]} a2 {[%clk
0:15:35]} 51. Ra3 {[%clk 0:06:58]} Be1 {[%clk 0:15:26]} 52. Bxa2 {[%clk 0:06:48]}
Be4 {[%clk 0:15:13]} 53. Bc4 {[%clk 0:06:02]} Kg6 {[%clk 0:15:17]} 54. Nf4+
{[%clk 0:06:25]} 1-0

[Event "European Clubs Cup"]
[Site "chess24.com"]
[Date "2018.10.14"]
[Round "3"]
[White "Bevan, Peter M"]
[Black "Karavitaki, Evaggelia"]
[Result "1/2-1/2"]
[Board "6"]
[WhiteElo "1886"]
[WhiteCountry "WLS"]
[WhiteFideId "1800345"]
[WhiteEloChange "-2"]
[BlackElo "1828"]
[BlackCountry "GRE"]
[BlackFideId "4295021"]
[BlackEloChange "2"]

1. Nf3 {[%clk 1:30:58]} c5 {[%clk 1:30:51]} 2. c4 {[%clk 1:31:04]} e6 {[%clk
1:30:19]} 3. g3 {[%clk 1:30:56]} b6 {[%clk 1:30:25]} 4. Bg2 {[%clk 1:31:11]} Bb7
{[%clk 1:30:50]} 5. O-O {[%clk 1:31:28]} Nf6 {[%clk 1:31:00]} 6. b3 {[%clk
1:31:13]} Be7 {[%clk 1:30:36]} 7. Bb2 {[%clk 1:31:26]} O-O {[%clk 1:30:35]} 8.
Nc3 {[%clk 1:30:39]} d5 {[%clk 1:22:48]} 9. cxd5 {[%clk 1:30:11]} Nxd5 {[%clk
1:20:54]} 10. d3 {[%clk 1:25:48]} Nxc3 {[%clk 1:14:09]} 11. Bxc3 {[%clk 1:26:12]}
Bf6 {[%clk 1:14:20]} 12. Qd2 {[%clk 1:25:51]} Nd7 {[%clk 1:13:04]} 13. Rfd1
{[%clk 1:24:39]} Bxc3 {[%clk 1:06:54]} 14. Qxc3 {[%clk 1:24:56]} Nf6 {[%clk
1:02:57]} 15. e4 {[%clk 1:22:32]} Qe7 {[%clk 1:00:30]} 16. Qe5 {[%clk 1:20:42]}
Rfd8 {[%clk 0:55:32]} 17. Ne1 {[%clk 1:18:18]} Ba6 {[%clk 0:33:51]} 18. d4 {[%clk
1:13:15]} cxd4 {[%clk 0:33:15]} 19. Rxd4 {[%clk 1:13:44]} Rxd4 {[%clk 0:33:10]}
20. Qxd4 {[%clk 1:14:12]} Rd8 {[%clk 0:33:11]} 21. Qa4 {[%clk 1:14:28]} Bc8
{[%clk 0:29:21]} 22. Nc2 {[%clk 1:08:01]} Rd2 {[%clk 0:16:49]} 23. Ne3 {[%clk
1:08:22]} Qd7 {[%clk 0:15:09]} 24. Qa3 {[%clk 1:05:44]} b5 {[%clk 0:11:49]} 25.
Rc1 {[%clk 1:05:53]} a6 {[%clk 0:11:35]} 26. Qa5 {[%clk 1:05:51]} Rd4 {[%clk
0:10:35]} 27. Qc7 {[%clk 1:04:34]} Qxc7 {[%clk 0:09:20]} 28. Rxc7 {[%clk
1:05:02]} Rd8 {[%clk 0:09:27]} 29. e5 {[%clk 1:03:27]} Nd7 {[%clk 0:07:50]} 30.
f4 {[%clk 1:03:44]} h6 {[%clk 0:06:54]} 31. a4 {[%clk 0:58:54]} bxa4 {[%clk
0:04:47]} 32. bxa4 {[%clk 0:59:23]} Nb6 {[%clk 0:03:25]} 33. a5 {[%clk 0:59:43]}
Nd5 {[%clk 0:03:48]} 34. Nxd5 {[%clk 0:59:35]} exd5 {[%clk 0:04:16]} 35. Bxd5
{[%clk 0:59:51]} Rxd5 {[%clk 0:04:33]} 36. Rxc8+ {[%clk 1:00:17]} Kh7 {[%clk
0:04:57]} 37. Rc7 {[%clk 1:00:38]} Kg8 {[%clk 0:02:23]} 38. Ra7 {[%clk 1:00:55]}
Rxa5 {[%clk 0:02:42]} 39. Kg2 {[%clk 1:01:21]} Ra3 {[%clk 0:01:55]} 40. Kh3
{[%clk 1:31:43]} Kf8 {[%clk 0:31:04]} 41. Kg4 {[%clk 1:31:33]} a5 {[%clk
0:21:03]} 42. h4 {[%clk 1:27:38]} a4 {[%clk 0:15:36]} 43. f5 {[%clk 1:26:38]} Ke8
{[%clk 0:13:26]} 44. f6 {[%clk 1:24:58]} g6 {[%clk 0:10:49]} 45. h5 {[%clk
1:24:54]} gxh5+ {[%clk 0:09:10]} 46. Kxh5 {[%clk 1:25:17]} Rxg3 {[%clk 0:09:11]}
47. Kxh6 {[%clk 1:25:44]} a3 {[%clk 0:08:14]} 48. Kh5 {[%clk 1:25:58]} Re3 {[%clk
0:07:25]} 49. Ra5 {[%clk 1:26:25]} a2 {[%clk 0:07:10]} 50. Kg4 {[%clk 1:26:52]}
a1Q {[%clk 0:06:29]} 51. Rxa1 {[%clk 1:27:14]} Rxe5 {[%clk 0:06:55]} 1/2-1/2

[Event "European Clubs Cup"]
[Site "chess24.com"]
[Date "2018.10.14"]
[Round "3"]
[White "Jepson, Christian"]
[Black "Noe, Christopher"]
[Result "1-0"]
[Board "1"]
[WhiteElo "2413"]
[WhiteTitle "IM"]
[WhiteCountry "SWE"]
[WhiteFideId "1701185"]
[WhiteEloChange "7"]
[BlackElo "2530"]
[BlackTitle "IM"]
[BlackCountry "GER"]
[BlackFideId "24692018"]
[BlackEloChange "-7"]

1. d4 {[%clk 1:30:57]} Nf6 {[%clk 1:30:50]} 2. c4 {[%clk 1:31:22]} e6 {[%clk
1:31:14]} 3. Nc3 {[%clk 1:31:37]} Bb4 {[%clk 1:31:37]} 4. e3 {[%clk 1:32:01]} O-O
{[%clk 1:31:59]} 5. Bd3 {[%clk 1:32:27]} d5 {[%clk 1:32:23]} 6. Nf3 {[%clk
1:32:52]} c5 {[%clk 1:32:47]} 7. O-O {[%clk 1:33:11]} Nc6 {[%clk 1:32:50]} 8. a3
{[%clk 1:33:01]} Bxc3 {[%clk 1:33:14]} 9. bxc3 {[%clk 1:33:28]} Qc7 {[%clk
1:33:36]} 10. cxd5 {[%clk 1:32:24]} exd5 {[%clk 1:33:46]} 11. a4 {[%clk 1:32:48]}
c4 {[%clk 1:33:07]} 12. Bc2 {[%clk 1:33:01]} Bg4 {[%clk 1:33:32]} 13. Ba3 {[%clk
1:29:39]} Rfe8 {[%clk 1:33:41]} 14. Qe1 {[%clk 1:28:53]} Bh5 {[%clk 1:33:39]} 15.
Nh4 {[%clk 1:27:42]} Ng4 {[%clk 1:34:03]} 16. g3 {[%clk 1:27:57]} Bg6 {[%clk
1:34:28]} 17. Nxg6 {[%clk 1:11:12]} hxg6 {[%clk 1:34:52]} 18. Qd2 {[%clk
1:08:14]} f5 {[%clk 1:29:32]} 19. Rae1 {[%clk 1:07:04]} Nf6 {[%clk 1:29:36]} 20.
f3 {[%clk 1:05:54]} Re6 {[%clk 1:30:01]} 21. g4 {[%clk 0:55:20]} fxg4 {[%clk
1:28:20]} 22. Bxg6 {[%clk 0:51:29]} gxf3 {[%clk 0:32:19]} 23. Rxf3 {[%clk
0:40:43]} Ne7 {[%clk 0:31:16]} 24. Bxe7 {[%clk 0:39:19]} Qxe7 {[%clk 0:30:09]}
25. Qg2 {[%clk 0:37:52]} Ne4 {[%clk 0:27:20]} 26. Ref1 {[%clk 0:18:20]} Ng5
{[%clk 0:15:09]} 27. Bf7+ {[%clk 0:17:39]} Nxf7 {[%clk 0:14:14]} 28. Rxf7 {[%clk
0:18:03]} Qxf7 {[%clk 0:14:35]} 29. Rxf7 {[%clk 0:18:27]} Kxf7 {[%clk 0:15:01]}
30. Qxd5 {[%clk 0:18:51]} Re8 {[%clk 0:12:25]} 31. e4 {[%clk 0:18:09]} Kf8 {[%clk
0:12:31]} 32. e5 {[%clk 0:18:24]} Rb6 {[%clk 0:12:56]} 33. Kf2 {[%clk 0:17:49]}
Ke7 {[%clk 0:08:43]} 34. a5 {[%clk 0:14:48]} Rb2+ {[%clk 0:07:19]} 35. Ke3 {[%clk
0:12:36]} Rd8 {[%clk 0:06:07]} 36. Qc5+ {[%clk 0:11:27]} Kd7 {[%clk 0:03:05]} 37.
d5 {[%clk 0:11:21]} Rh8 {[%clk 0:01:30]} 38. e6+ {[%clk 0:11:18]} Kd8 {[%clk
0:01:56]} 39. Qd6+ {[%clk 0:10:32]} Kc8 {[%clk 0:02:21]} 40. Qd7+ {[%clk
0:40:43]} Kb8 {[%clk 0:32:46]} 41. e7 {[%clk 0:41:04]} 1-0